00948nam a22002057a 4500003000900000008004100009020002200050040007100072082002300143100002000166245004700186260008400233300004400317440003800361505021800399650001800617650001600635650002400651710006700675AR-CdUCM190409b ||||| |||| 00| 0 spa d a978-9972-691-98-0 aMUNICIPALIDAD PROVINCIAL DEL CUSCOcBIBLIOTECA MUNICIPAL DEL CUSCO aC / 985.019 /bB26 aBauer, Brian S. aEstudios arqueológicos sobre los incas / aCusco :bCentro de estudios regionales andinos Bartolomé de las Casas,c2011. a223 páginas ;bIlustraciones,c24 cm. aArchivos de historia andina ;n47 aContenido: Legitimación del estado a través de la mitología y ritos incas -- Peregrinaciones y geografía del poder en el estado inca -- La roca sagrada del Titicaca: donde el sol regresaba a la tierra ... aArqueología aEstado inca aMitos y ritos incas aCentro de estudios regionales andinos Bartolomé de las Casas